Analýza kontrolného systému podniku a jeho vplyv na rozhodovanie manažérov dizertačná práca

Gespeichert in:
Bibliographische Detailangaben
1. Verfasser: Uhliar, Miroslav, 1981-
Körperschaft: Fakulta podnikového manažmentu EU. Katedra manažmentu
Weitere Verfasser: Kráčmar, Ján
Format: Buch
Sprache:Slowakisch
Veröffentlicht: Bratislava 2011
Schlagworte:
Tags: Tag hinzufügen
Keine Tags, Fügen Sie das erste Tag hinzu!

MARC

LEADER 00000nbm a2200000 4500
001 0144992
005 20240502072613.3
041 0 |a slo 
044 |a SK 
245 1 0 |a Analýza kontrolného systému podniku a jeho vplyv na rozhodovanie manažérov  |b dizertačná práca  |c Miroslav Uhliar ; školiteľ: Ján Kráčmar 
264 1 |a Bratislava  |c 2011 
300 |a 164 s. 
610 2 0 |a kontrola 
610 2 0 |a kontrola podniková 
610 2 0 |a rozhodovanie 
610 2 0 |a rozhodovanie manažérske 
100 1 |a Uhliar, Miroslav, 1981- 
700 1 |a Kráčmar, Ján 
710 2 |a Fakulta podnikového manažmentu EU. Katedra manažmentu